LEADER 04087nam 22007333 450 001 9910800141503321 005 20260202044944.0 010 $a91-987404-1-5 035 $a(CKB)28519089300041 035 $a(MiAaPQ)EBC31773785 035 $a(Au-PeEL)EBL31773785 035 $a(oapen)doab133565 035 $a(OCoLC)1570231062 035 $a(MdBmJHUP)musev2_130202 035 $a(EXLCZ)9928519089300041 100 $a20241114d2023 uy 0 101 0 $aeng 135 $aurcnu|||||||| 181 $ctxt$2rdacontent 182 $cc$2rdamedia 183 $acr$2rdacarrier 200 10$aReligious Enlightenment in the Eighteenth-Century Nordic Countries $eReason and Orthodoxy 205 $a1st ed. 210 $aLund$d2024 210 1$aLund :$cLund University Press, Sweden,$d2023. 210 4$dİ2023. 215 $a1 online resource (449 pages) 225 1 $aLund University Press Series 311 08$a91-987404-0-7 330 $aThis volume explores how changes that we tend to associate with the Enlightenment were intertwined with practices and rationales within Lutheran confessional culture in the two Nordic states during the long eighteenth century. It does so by examining several well-rehearsed topics of Enlightenment studies. Scientific novelties, realized policies, and reading as well as printing practices are all themes that return in this book; here they are understood in relation to the various modes and rationales of confessional culture. More precisely, all the contributions to the present volume deal with ideas related to three 'R's: reason, rationalism and reform. The eighteenth century encountered in this volume is not only a story of clashes and conflicts. Reason is not necessarily seen as replacing religious belief, nor is rationalism viewed as opposed to reasonings occurring within religious policies or institutions. Evidence of reform may in some cases be interpreted as expressions of Enlightenment; but there is a recurring echo of previous religious transformations and measures promoting renewal, not least in relation to the historical experience of the Lutheran Reformation. Therefore, the writers have chosen to place the notion of 'religious Enlightenment' at the core of this book. All the various chapters proceed from this fundamental conception in their explorations of ideas and practices that were embedded in a landscape shaped by both reason and orthodoxy. 410 0$aLund University Press Series 606 $aSocial & cultural history$2bicssc 606 $aNorthern Europe, Scandinavia$2bicssc 606 $aModern history to 20th century: c 1700 to c 1900$2bicssc 606 $aHistory of religion$2bicssc 608 $aElectronic books. 610 $acameralism 610 $aconfessional culture 610 $aearly modern history 610 $aeighteenth-century Denmark-Norway 610 $ahistoriography 610 $aKingdom of Sweden 610 $aLutheranism 610 $aPietism 610 $areligious Enlightenment 610 $athema EDItEUR::1 Place qualifiers::1D Europe::1DN Northern Europe, Scandinavia 610 $athema EDItEUR::3 Time period qualifiers::3M c 1500 onwards to present day 610 $athema EDItEUR::N History and Archaeology 610 $athema EDItEUR::N History and Archaeology::NH History::NHT History: specific events and topics::NHTB Social and cultural history 610 $athema EDItEUR::Q Philosophy and Religion::QR Religion and beliefs::QRA Religion: general::QRAX History of religion 615 7$aSocial & cultural history. 615 7$aNorthern Europe, Scandinavia. 615 7$aModern history to 20th century: c 1700 to c 1900. 615 7$aHistory of religion. 676 $a274.8081 700 $aLjungberg$b Johannes$01774747 701 $aSidenvall$b Erik$01649818 801 0$bMiAaPQ 801 1$bMiAaPQ 801 2$bMiAaPQ 906 $aBOOK 912 $a9910800141503321 996 $aReligious Enlightenment in the Eighteenth-Century Nordic Countries$94287658 997 $aUNINA